MESTSKÁ KNIŽNICA GIRALTOVCE  - online katalóg 

Nevešajte sa (Record no. 8071)

000 -NÁVESTIE
fixed length control field 00735nam a2200217 a 4500
008 - ÚDAJE S PEVNOU DĹŽKOU – VŠEOBECNÉ INFORMÁCIE
fixed length control field 060510s2006||||xo g 000 f slo d
020 ## - MEDZINÁRODNÉ ŠTANDARDNÉ ČÍSLO KNIHY (ISBN)
Medzinárodné štandardné číslo knihy (ISBN) 8089199356
Qualifying information (viaz.)
Údaje o dostupnosti 229.00 Sk
040 ## - ZDROJ KATALOGIZÁCIE
Pôvodná katalogizujúca agentúra POKPOH
Jazyk katalogizácie slo
Modifikujúca agentúra SNK
Prepisujúca agentúra POKPOH
041 1# - KÓD JAZYKA
Kód jazyka textu/zvukovej stopy alebo samostatných nápisov slo
Kód jazyka originálu a/alebo sprostredkujúcich prekladov textu cze
072 #7 - KÓD PREDMETOVEJ KATEGÓRIE
Kód predmetovej kategórie 821.162.3
Pododdiel kódu predmetovej kategórie Česká literatúra
Zdroj konspekt
080 ## - ČÍSLO MEDZINÁRODNÉHO DESATINNÉHO TRIEDENIA (MDT)
Číslo Medzinárodného desatinného triedenia (MDT) 821.162.3-31
Identifikátor vydania 2001
044 ## - KÓD KRAJINY VYDAVATEĽA/PRODUCENTA
Kód krajiny MARC xo
Kód krajiny ISO SK
100 1# - OSOBNÉ MENÁ – VŠEOBECNÉ INFORMÁCIE
Osobné meno Obermannová, Irena,
Dátumy súvisiace s menom 1962-
240 10 - UNIFIKOVANÝ NÁZOV
Unifikovaný názov Nezavěšujte se
Jazyk diela Slovensky
245 10 - NÁZOV
Názov Nevešajte sa
Údaj o zodpovednosti atď. Irena Obermannová ; [z českého originálu preložila Mária Murcková]
250 ## - ÚDAJ O PORADÍ VYDANIA
Údaj o poradí vydania 1. vyd.
260 ## - VYDAVATEĽSKÉ ÚDAJE, DISTRIBÚCIA ATĎ.
Miesto publikovania, distribúcie atď. Bratislava
Názov vydavateľa, distibútora atď. Motýľ
Dátum publikovania, distribúcie atď. 2006
300 ## - FYZICKÝ POPIS
Rozsah 171 s.
Rozmery 20 cm
700 1# - PRIDANÝ VSTUP – OSOBNÉ MENO
Osobné meno Murcková, Mária
Kód roly trl
765 0# - VÄZBA NA PÔVODNÝ JAZYK
Názov Nezavěšujte se. Slovensky
Záhlavie hlavného vstupu Obermannová, Irena, 1962-
Holdings
Stav stiahnutia (Blokovanie) (Withrawn status) Stav straty Zdroj klasifikácie pre skladovanie Stav poškodenia (Damaged status) Nie pre výpožičky (Not for loan) Spôsob nadobudnutia (Collection code) Trvalé umiestnenie Aktuálne umiestnenie Dátum nadobudnutia Náklady, bežná kúpna cena Inventárne číslo (prírastkové číslo) Celkom výpožičky Full call number Čiarový kód Dátum posledného výskytu Dátum poslednej výpôžičky Cena s účinnosťou od Typ jednotky Koha
          Kúpa Mestská knižnica Giraltovce Mestská knižnica Giraltovce 2019-11-29 229.00 07547 2 B1749 B1749 2025-01-10 2024-10-04 2019-11-29 Krásna literatúra pre dospelých

Powered by Koha